000
00290nam a2200121Ia 4500
008
191201s2008 xx 000 0 und d
100
_a
MAHESWARI, K.L
245
0
_a
Managerial Economics
260
_a
N.Delhi
_b
S Chand and Co. Ltd.
_c
2008
300
_a
682
650
_a
MBA
942
_2
ddc
_c
BK
999
_c
3515
_d
3515